[Event "Bayern-ch Seniors 10th"]
[Site "Schloss Schney"]
[Date "1998.??.??"]
[Round "7"]
[White "Schnurr, Anton"]
[Black "Karner, Irmgard"]
[Result "1/2-1/2"]
[WhiteElo "1835"]
[BlackElo "1720"]
[PlyCount "120"]
[EventDate "1998.07.03"]
[EventType "swiss"]
[EventRounds "9"]
[EventCountry "GER"]
[SourceTitle "EXT 2006"]
[Source "ChessBase"]
[SourceDate "2005.11.24"]
[SourceVersion "1"]
[SourceVersionDate "2005.11.24"]
[SourceQuality "1"]

1. c4 Nf6 2. Nc3 g6 3. d4 d6 4. e4 c6 5. Be2 Bg7 6. Be3 Nbd7 7. Nf3 e5 8. d5 c5 9. h3 a6 10. Qd2 Qa5 11. a4 0-0 12. 0-0 Qc7 13. Rfb1 Rb8 14. b4 b6 15. a5 bxa5 16. b5 Nh5 17. Qa2 Nf4 18. Bf1 Re8 19. Bd2 a4 20. Qxa4 Nb6 21. Qa5 Ra8 22. bxa6 Rxa6 23. Qb5 Rxa1 24. Qxe8+ Bf8 25. Rxb6 Qxb6 26. Qxc8 Qb2 27. Qd7 h6 28. g3 Nh5 29. Qb5 Qc2 30. Kg2 Nf6 31. Be2 Nxe4 32. Nxe4 Qxe4 33. Qb2 Rb1 34. Qa2 Rb7 35. Be3 Qb1 36. Qxb1 Rxb1 37. g4 Rb2 38. Bd3 Rb3 39. Be4 Rb4 40. Nd2 g5 41. Bd3 Kg7 42. Ne4 Rb3 43. Bf1 Kg6 44. Ng3 f6 45. Nf5 h5 46. Ng3 hxg4 47. hxg4 Kf7 48. Bd2 Ra3 49. Be2 Be7 50. Be3 Ra1 51. Kf3 Ra3 52. Ne4 Ke8 53. Nd2 Kf7 54. Ke4 Kg6 55. Bd3 Bd8 56. Bc2 Ba5 57. Nb3 Bc7 58. Bc1 Ra8 59. Bb2 Bb6 60. Ke3+ Kg7 1/2-1/2

[Event "Bayern-ch Seniors 10th"]
[Site "Schloss Schney"]
[Date "1998.??.??"]
[Round "2"]
[White "Schnurr, Anton"]
[Black "Scheipl, Ralf"]
[Result "1/2-1/2"]
[WhiteElo "1835"]
[BlackElo "2270"]
[PlyCount "61"]
[EventDate "1998.07.03"]
[EventType "swiss"]
[EventRounds "9"]
[EventCountry "GER"]
[SourceTitle "EXT 2006"]
[Source "ChessBase"]
[SourceDate "2005.11.24"]
[SourceVersion "1"]
[SourceVersionDate "2005.11.24"]
[SourceQuality "1"]

1. c4 Nf6 2. Nc3 e5 3. e4 Bc5 4. Be2 Nc6 5. d3 d6 6. h3 h6 7. Nf3 0-0 8. Bd2 Nd4 9. Nxd4 Bxd4 10. Qc1 c6 11. Bf3 b5 12. Ne2 bxc4 13. Nxd4 exd4 14. 0-0 Nd7 15. dxc4 Qf6 16. Be2 Re8 17. f3 Ba6 18. Re1 Ne5 19. b3 d5 20. f4 Ng6 21. e5 Qd8 22. Bd3 Nf8 23. Qa3 dxc4 24. bxc4 Bc8 25. Qc5 Qh4 26. Qxd4 Bxh3 27. gxh3 Qg3+ 28. Kf1 Qxh3+ 29. Ke2 Qg4+ 30. Kf2 Qh4+ 31. Ke2 1/2-1/2

[Event "Bayern-ch Seniors 09th"]
[Site "Schloss Schney"]
[Date "1997.??.??"]
[Round "2"]
[White "Jeschke, Walter"]
[Black "Schnurr, Anton"]
[Result "0-1"]
[WhiteElo "1523"]
[BlackElo "1848"]
[PlyCount "56"]
[EventDate "1997.??.??"]
[EventType "swiss"]
[EventRounds "9"]
[EventCountry "GER"]
[SourceTitle "EXT 1999"]
[Source "ChessBase"]
[SourceDate "1998.11.16"]
[SourceVersion "1"]
[SourceVersionDate "1998.11.16"]
[SourceQuality "1"]

1. e4 e5 2. Nf3 Nf6 3. Bc4 d5 4. exd5 e4 5. Nd4 Bc5 6. Nb3 Bd6 7. h3 Nbd7 8. Nc3 a6 9. Be2 Qe7 10. d3 exd3 11. Qxd3 Ne5 12. Qd4 Bf5 13. Qd1 0-0 14. 0-0 Rfe8 15. Nd4 Bd7 16. Bg5 Ng6 17. Bd3 h6 18. Bxf6 Qxf6 19. Nf3 Ne5 20. Nxe5 Qxe5 21. f4 Qe3+ 22. Rf2 Bc5 23. Ne4 Rxe4 24. Bxe4 Qxf2+ 25. Kh1 Qxf4 26. Qd3 f5 27. Bf3 Bd6 28. Kg1 Re8 0-1

[Event "Bayern-ch Seniors 09th"]
[Site "Schloss Schney"]
[Date "1997.??.??"]
[Round "9"]
[White "Schnurr, Anton"]
[Black "Fels, Karl Heinz"]
[Result "1/2-1/2"]
[WhiteElo "1848"]
[BlackElo "1865"]
[PlyCount "46"]
[EventDate "1997.??.??"]
[EventType "swiss"]
[EventRounds "9"]
[EventCountry "GER"]
[SourceTitle "EXT 1999"]
[Source "ChessBase"]
[SourceDate "1998.11.16"]
[SourceVersion "1"]
[SourceVersionDate "1998.11.16"]
[SourceQuality "1"]

1. c4 Nf6 2. Nc3 e6 3. e4 d5 4. cxd5 exd5 5. e5 d4 6. exf6 dxc3 7. bxc3 Qxf6 8. d4 c5 9. Nf3 cxd4 10. Bb5+ Nc6 11. 0-0 Be7 12. Re1 h6 13. Ba3 Be6 14. Bxe7 Qxe7 15. Nxd4 0-0 16. Nxe6 fxe6 17. Bc4 Rf6 18. Re3 Rd8 19. Qe2 Rd6 20. Re1 Nd8 21. Bb3 Qd7 22. Rd1 Rxd1+ 23. Bxd1 Kf7 1/2-1/2

[Event "Bayern-ch Seniors 09th"]
[Site "Schloss Schney"]
[Date "1997.??.??"]
[Round "5"]
[White "Schnurr, Anton"]
[Black "Kunte, Herbert"]
[Result "1-0"]
[WhiteElo "1848"]
[BlackElo "1830"]
[PlyCount "97"]
[EventDate "1997.??.??"]
[EventType "swiss"]
[EventRounds "9"]
[EventCountry "GER"]
[SourceTitle "EXT 1999"]
[Source "ChessBase"]
[SourceDate "1998.11.16"]
[SourceVersion "1"]
[SourceVersionDate "1998.11.16"]
[SourceQuality "1"]

1. e4 g6 2. Nc3 d6 3. d4 Bg7 4. f4 c6 5. Nf3 Bg4 6. Be2 Nf6 7. 0-0 0-0 8. Be3 Nbd7 9. h3 Bxf3 10. Rxf3 e6 11. Qd2 Qa5 12. Raf1 d5 13. e5 Ne4 14. Nxe4 dxe4 15. Qxa5 exf3 16. Rxf3 Nb6 17. c4 Rfd8 18. Bf2 Bf8 19. Rb3 Rdb8 20. Rc3 Be7 21. Bf3 Bd8 22. Qa3 Nc8 23. b4 Be7 24. Qb2 Nb6 25. Ra3 Nxc4 26. Qb3 Nxa3 27. Qxa3 a5 28. Qb2 Bxb4 29. a3 Be7 30. g4 a4 31. Be1 Ra6 32. Be4 f5 33. exf6 Bxf6 34. Bc3 b5 35. Kf2 Rd8 36. Kf3 Rd6 37. g5 Bg7 38. h4 Ra7 39. h5 gxh5 40. Ke3 Rad7 41. Qh2 Kf8 42. Qxh5 Bxd4+ 43. Bxd4 Rxd4 44. Qh6+ Ke7 45. Qxh7+ Kd6 46. Qxd7+ Kxd7 47. Kxd4 Kd6 48. Bb1 c5+ 49. Kc3 1-0